000 00570nam a22001577a 4500
005 20251108165221.0
008 250721s1995 xx 000 0 ara d
082 1 4 _a922.1/طاه
100 1 _aالطاهر، سلوى مرسي
245 1 0 _aبدايات الكتابة التاريخية عند العرب :
_bأول سيرة في الإسلام :عروة بن الزبير بن العوام /
264 1 _aعمان :
_bدار الفارس للنشر و التوزيع،
_c1995.
300 _a341ص
650 1 7 _aالتراجم
942 _2ddc
_cBK
999 _c22400
_d22400